De la Justicia y del Derecho: Del Voto, en General, y de los Votos Monásticos, en Cuanto son Actos de la Virtud de la Religión, Parte Potencial de la Justicia. Del Juramento, en cuanto Acto de la Virtud de la Religión, del Perjurio y de Adjuración; etc /

Esta obra es un sistema teológico-jurídico, escrito por Domingo de Soto, español, teólogo real en Trento, confesor del Emperador Carlos V, y catedrático de teología en el convento de los Dominicos y en la Universidad de Salamanca, (1525-1560). Es una edición facsimilar de la de 1556 (en latín) con s...

Descrizione completa

Salvato in:
Dettagli Bibliografici
Autore principale: Soto, Domingo de, Fray (autor)
Natura: Libro
Lingua:spagnolo
Pubblicazione: Madrid, España : Instituto de Estudios Políticos, 1968
Serie:(Clásicos Políticos. Teólogos Juristas)
Soggetti:
Tags: Aggiungi Tag
Nessun Tag, puoi essere il primo ad aggiungerne!!

MARC

LEADER 00000nam^a2200000^a^4500
001 000025492
005 20250521000000.0
009 20260310084654.334
037 |a Acervo ITESO - Biblioteca 
041 |a ESP 
082 |a 340. 1  |b SOT V. 4 
100 |a Soto, Domingo de,  |c Fray  |e (autor) 
245 1 0 |a De la Justicia y del Derecho: Del Voto, en General, y de los Votos Monásticos, en Cuanto son Actos de la Virtud de la Religión, Parte Potencial de la Justicia. Del Juramento, en cuanto Acto de la Virtud de la Religión, del Perjurio y de Adjuración; etc /  |c D. de Soto; introd. de: Venancio Diego Carro. 
264 1 |a Madrid, España :  |b Instituto de Estudios Políticos,  |c 1968 
300 |a 1 v. (varias paginaciones) 
336 |a texto  |b txt  |2 rdacontenido 
337 |a sin mediación  |b n  |2 rdamedio 
338 |a volumen  |b nc  |2 rdasoporte 
440 1 |a (Clásicos Políticos.  |p Teólogos Juristas) 
500 |a Traducción de: De Iustitia et Iure 
520 |a Esta obra es un sistema teológico-jurídico, escrito por Domingo de Soto, español, teólogo real en Trento, confesor del Emperador Carlos V, y catedrático de teología en el convento de los Dominicos y en la Universidad de Salamanca, (1525-1560). Es una edición facsimilar de la de 1556 (en latín) con su versión castellana correspondiente. Contiene una introducción histórica y teológicajurídica de Venancio Diego Carro. 
649 |a XX 
650 |a Derecho -  |x Teoría 
910 |a Fondo General 
920 |a Impresos - Libros 
930 |a Obras de Referencia 
905 |a 102 
901 |a 0254920100  |b IT2  |c REF  |i 025492  |u 20250521 
902 |a https://opac.biblio.iteso.mx/vufind/Record/000025492